Regulácia spotrebiteľských úverov v SR bakalárska práca

Enregistré dans:
Détails bibliographiques
Auteur principal: Demiger, Peter
Collectivité auteur: Národohospodárska fakulta EU. Katedra bankovníctva a medzinárodných financií
Autres auteurs: Žoldáková, Natália, 1985-
Format: Livre
Langue:slovaque
Publié: Bratislava 2018
Tags: Ajouter un tag
Pas de tags, Soyez le premier à ajouter un tag!

MARC

LEADER 00000nbm a2200000 4500
001 0245833
005 20181213104955.7
041 0 |a slo 
044 |a SK 
245 1 0 |a Regulácia spotrebiteľských úverov v SR  |b bakalárska práca  |c Peter Demiger ; školiteľ: Natália Zelenková 
264 1 |a Bratislava  |c 2018 
300 |a 43 s. 
100 1 |a Demiger, Peter 
700 1 |a Žoldáková, Natália, 1985- 
710 2 |a Národohospodárska fakulta EU. Katedra bankovníctva a medzinárodných financií